[Event "CFriend SL-2003-0-00008 email"]
[Site "Chessfriend.com"]
[Date "2003.05.13"]
[Round "?"]
[White "Chew, Yaw Chong"]
[Black "Krabbenbos, Jan"]
[Result "1-0"]
[WhiteElo "1241"]
[BlackElo "1497"]
[PlyCount "45"]
[EventDate "2003.05.13"]
[EventType "tourn (corr)"]
[EventRounds "12"]
[SourceTitle "Corr 2008"]
[Source "ChessBase"]
[SourceDate "2008.06.24"]
[SourceVersion "1"]
[SourceVersionDate "2008.06.24"]
[SourceQuality "1"]

1. e4 c6 2. d4 d5 3. Nc3 dxe4 4. Nxe4 Nd7 5. Bc4 Ngf6 6. Ng5 e6 7. Qe2 Nb6 8. Bd3 Bd6 9. N1f3 h6 10. Ne4 Nxe4 11. Qxe4 Nd5 12. Bd2 b6 13. c4 Ne7 14. 0-0 Bb7 15. Rfc1 Qc7 16. c5 bxc5 17. dxc5 Bxh2+ 18. Nxh2 Rd8 19. Bc3 Rg8 20. Nf3 Nd5 21. Qh7 Kf8 22. Be5 Qe7 23. Bd6 1-0

[Event "CFriend SL-2003-0-00008 email"]
[Site "Chessfriend.com"]
[Date "2003.05.13"]
[Round "?"]
[White "Chew, Yaw Chong"]
[Black "Nash, Chris"]
[Result "1-0"]
[WhiteElo "1241"]
[BlackElo "1092"]
[PlyCount "71"]
[EventDate "2003.05.13"]
[EventType "tourn (corr)"]
[EventRounds "12"]
[SourceTitle "Corr 2008"]
[Source "ChessBase"]
[SourceDate "2008.06.24"]
[SourceVersion "1"]
[SourceVersionDate "2008.06.24"]
[SourceQuality "1"]

1. e4 e5 2. Nf3 Nc6 3. d4 exd4 4. Bc4 Be7 5. c3 d6 6. cxd4 Bg4 7. h3 Bxf3 8. Qxf3 Nf6 9. Bb5 0-0 10. Bxc6 bxc6 11. Nc3 Qd7 12. 0-0 Rfe8 13. Bf4 Rab8 14. b3 Rb4 15. Rad1 h6 16. Rfe1 Nh7 17. Qg3 Kh8 18. Qd3 Bg5 19. Bg3 Bf6 20. e5 Be7 21. d5 c5 22. Qa6 Rb6 23. Qxa7 Nf8 24. exd6 Bxd6 25. Rxe8 Qxe8 26. Bxd6 Rxd6 27. Qxc7 Qd8 28. Qxc5 Ng6 29. Ne4 Rd7 30. d6 Nf4 31. Qc6 Ne6 32. b4 f5 33. Nc5 Nxc5 34. bxc5 Ra7 35. d7 Rc7 36. Qxc7 1-0

[Event "CFriend SL-2003-0-00008 email"]
[Site "Chessfriend.com"]
[Date "2003.05.13"]
[Round "?"]
[White "Dehombreux, Pierre"]
[Black "Chew, Yaw Chong"]
[Result "0-1"]
[WhiteElo "1195"]
[BlackElo "1241"]
[PlyCount "58"]
[EventDate "2003.05.13"]
[EventType "tourn (corr)"]
[EventRounds "12"]
[SourceTitle "Corr 2008"]
[Source "ChessBase"]
[SourceDate "2008.06.24"]
[SourceVersion "1"]
[SourceVersionDate "2008.06.24"]
[SourceQuality "1"]

1. e4 c5 2. Nf3 d6 3. d4 cxd4 4. Nxd4 Nf6 5. Nc3 g6 6. Be3 Bg7 7. f3 0-0 8. Qd2 Nc6 9. Bc4 Bd7 10. 0-0-0 Rc8 11. Bb3 Na5 12. Bh6 Nxb3+ 13. Nxb3 Bxh6 14. Qxh6 b5 15. Nd5 Nxd5 16. exd5 Qc7 17. Rd2 e5 18. h4 f6 19. g4 a5 20. Qe3 a4 21. Na1 Qc4 22. b3 Qc3 23. Qxc3 Rxc3 24. Rf1 b4 25. Rff2 g5 26. h5 axb3 27. Nxb3 f5 28. Kb2 fxg4 29. fxg4 Bxg4 0-1

[Event "IECG TE.2000.S.00402 email"]
[Site "IECG email"]
[Date "2001.10.13"]
[Round "?"]
[White "Shimamura, Minoru"]
[Black "Chew, Yaw Chong"]
[Result "1-0"]
[WhiteElo "934"]
[BlackElo "1114"]
[PlyCount "21"]
[EventDate "2001.10.13"]
[EventType "tourn (corr)"]
[EventRounds "10"]
[SourceTitle "Corr 2008"]
[Source "ChessBase"]
[SourceDate "2008.06.24"]
[SourceVersion "1"]
[SourceVersionDate "2008.06.24"]
[SourceQuality "1"]

1. e4 e5 2. Nf3 Nc6 3. Bc4 Nf6 4. Ng5 Bc5 5. 0-0 0-0 6. d3 d6 7. h3 Na5 8. Nc3 Nxc4 9. dxc4 b6 10. Kh2 Bb7 11. Nd5 1-0

[Event "IECG TE.2000.P.00409 email"]
[Site "IECG email"]
[Date "2000.07.15"]
[Round "?"]
[White "Chew, Yaw Chong"]
[Black "Larsson, Jan Eric"]
[Result "1-0"]
[WhiteElo "800"]
[BlackElo "1596"]
[PlyCount "35"]
[EventDate "2000.07.15"]
[EventType "tourn (corr)"]
[EventRounds "8"]
[SourceTitle "Corr 2008"]
[Source "ChessBase"]
[SourceDate "2008.06.24"]
[SourceVersion "1"]
[SourceVersionDate "2008.06.24"]
[SourceQuality "1"]

1. e4 e5 2. Nf3 Nc6 3. Bc4 Nf6 4. Ng5 Bc5 5. Nxf7 Bxf2+ 6. Kf1 Qe7 7. Nxh8 d5 8. exd5 Bg4 9. Be2 Bxe2+ 10. Qxe2 Nd4 11. Qd1 0-0-0 12. d6 Qe6 13. c3 Rf8 14. cxd4 Bxd4 15. Ke1 Ng4 16. Qc2 c6 17. Qxh7 Qf6 18. Ng6 1-0

[Event "IECG TE.2000.P.00409 email"]
[Site "IECG email"]
[Date "2000.07.15"]
[Round "?"]
[White "Naumovic, Jovan"]
[Black "Chew, Yaw Chong"]
[Result "1/2-1/2"]
[WhiteElo "2166"]
[BlackElo "800"]
[PlyCount "71"]
[EventDate "2000.07.15"]
[EventType "tourn (corr)"]
[EventRounds "8"]
[SourceTitle "Corr 2008"]
[Source "ChessBase"]
[SourceDate "2008.06.24"]
[SourceVersion "1"]
[SourceVersionDate "2008.06.24"]
[SourceQuality "1"]

1. e4 e5 2. Nf3 Nc6 3. Bc4 Nf6 4. Ng5 Bc5 5. Bxf7+ Ke7 6. Bd5 Rf8 7. 0-0 d6 8. c3 Qe8 9. d4 Bb6 10. Bxc6 Qxc6 11. a4 a5 12. Qe1 exd4 13. e5 dxe5 14. Qxe5+ Kd8 15. cxd4 h6 16. Nf3 Bg4 17. Nbd2 Qd7 18. h3 Bh5 19. Qg3 Kc8 20. Ne5 Qd5 21. Ndf3 g5 22. Be3 Re8 23. Rfe1 Ne4 24. Qh2 Bxf3 25. Nxf3 Kb8 26. Rac1 Nd6 27. Ne5 Bxd4 28. Bxd4 Qxd4 29. b3 Qd2 30. Rcd1 Qc3 31. Qg3 Qxg3 32. fxg3 Ka7 33. g4 Ka6 34. Kf2 Re7 35. Rd3 Rf8+ 36. Kg3 1/2-1/2

[Event "IECG C3.1999.0.00108"]
[Site "IECG email"]
[Date "1999.07.02"]
[Round "?"]
[White "Langgood, Scott"]
[Black "Chew, Yaw Chong"]
[Result "1-0"]
[WhiteElo "1300"]
[BlackElo "800"]
[PlyCount "64"]
[EventDate "1999.07.02"]
[EventType "tourn (corr)"]
[EventRounds "6"]
[SourceTitle "Corr 2008"]
[Source "ChessBase"]
[SourceDate "2008.06.24"]
[SourceVersion "1"]
[SourceVersionDate "2008.06.24"]
[SourceQuality "1"]

1. d4 Nf6 2. c4 c5 3. d5 b5 4. cxb5 a6 5. Nc3 axb5 6. Nxb5 Bb7 7. Nc3 Qa5 8. Bd2 Ba6 9. Nf3 g6 10. e4 d6 11. e5 dxe5 12. Nxe5 Bg7 13. Ne4 Qc7 14. Bf4 Qb7 15. Nxf6+ exf6 16. Nc4 0-0 17. Qb3 Nd7 18. Be2 Qxd5 19. 0-0 h6 20. Rad1 Ne5 21. Bxe5 fxe5 22. Rd2 Bb7 23. Bd3 e4 24. Be2 Rfc8 25. Na5 Rf8 26. a4 Kh7 27. Bb5 f5 28. h3 f4 29. h4 e3 30. f3 Rf7 31. g3 Be5 32. Bc4 Rg7 1-0